000 00676nam a2200205Ia 4500
003 GCL
008 140319s9999 xx 000 0 ara d
020 _a0124049948
040 _aGCL /
_cGCL
082 0 4 _a700.455
_bط ف
100 1 _aشاكر حسن ال سعيد
245 1 0 _aالفن والعنف /
_cشاكر حسن ال سعيد
700 1 _aطلال معلا
250 _aالاولى
260 _aالامارات :
_bدائرة الثقافة والاعلام ،
_c2003
300 _a206 ص ؛
_c22 سم
650 0 4 _aالفنون التشكيلية
650 0 4 _aالفنون التشكيلية - الجوانب الاجتماعية
942 _2ddc
_cBK
999 _c32858
_d32858